00785 2200265 4500001002100000005001700021008004100038020002200079035002400101040001200125041000800137082001800145084001800163090002200181100001200203245006600215260003300281300003700314504003100351650005100382650002600433650002600459850001200485990002200497INLIS00000000003339120180208095809.0  a978-602-453-100-3 0010-021800000000116 aYOPDYOG0 aind042[23]a005.369 a005.369 Isw B aDEP 005.369 Isw B0 aISWANTO0 aBelajar mikrokontroler AT89S51 dengan bahasa basicc/ Iswanto aYogyakartabDeepublishc2016 axvi, 187 hlm.b: ilus.c; 25 cm. aBibliografi : hlm. 184-187 4aMikrokontroler (Sistem pengoperasian komputer) 4aElektronikaxKomponen 4aElektronik, Rangkaian aYOPDYOG aCB-D.11/2016-2562